Du lịch vòng quanh Thế giới Trung Quốc
Giới thiệu sơ lược về địa lý, khí hậu, danh lam thắng cảnh, lịch sử, văn hoá, ẩm thực, lễ hội, di tích lịch sử, các điểm du lịch nổi tiếng của đất nước Trung Quốc
Đã lưu trong:
| 主要作者: | |
|---|---|
| 語言: | Undetermined |
| 出版: |
Hà Nội
Thanh Niên
2003
|
| 主題: | |
| 標簽: |
添加標簽
沒有標簽, 成為第一個標記此記錄!
|
| Thư viện lưu trữ: | Trung tâm Học liệu Trường Đại học Trà Vinh |
|---|
| LEADER | 00791nam a2200241Ia 4500 | ||
|---|---|---|---|
| 001 | TVU_4049 | ||
| 008 | 210423s9999 xx 000 0 und d | ||
| 041 | |a Vie | ||
| 082 | |a 915.97 | ||
| 082 | |b C452 | ||
| 100 | |a Anh Côi | ||
| 245 | 0 | |a Du lịch vòng quanh Thế giới | |
| 245 | 0 | |b Trung Quốc | |
| 245 | 0 | |c Anh Côi | |
| 260 | |a Hà Nội | ||
| 260 | |b Thanh Niên | ||
| 260 | |c 2003 | ||
| 300 | |a 162 tr. | ||
| 300 | |c 19 cm | ||
| 520 | |a Giới thiệu sơ lược về địa lý, khí hậu, danh lam thắng cảnh, lịch sử, văn hoá, ẩm thực, lễ hội, di tích lịch sử, các điểm du lịch nổi tiếng của đất nước Trung Quốc | ||
| 650 | |a Mô tả và du lịch | ||
| 700 | |a Anh Côi | ||
| 980 | |a Trung tâm Học liệu Trường Đại học Trà Vinh | ||